Nie je škola ako škola zborník najlepších metód a prístupov vo vzdelávaní rómskych detí zo súťaže SGI

Uložené v:
Podrobná bibliografia
Ďalší autori: Csontosová, Zuzana, Kubánová, Martina
Médium: Kniha
Jazyk:Slovak
Vydavateľské údaje: Bratislava Inštitút pre dobre spravovanú spoločnosť (SGI-Slovak governance institute) [2007]
Predmet:
Tagy: Pridať tag
Žiadne tagy, Buďte prvý, kto otaguje tento záznam!

MARC

LEADER 00000nam a2200000 4500
001 0126717
005 20240109071025.3
041 0 |a slo 
044 |a SK 
245 1 0 |a Nie je škola ako škola  |b zborník najlepších metód a prístupov vo vzdelávaní rómskych detí zo súťaže SGI  |c editori: Zuzana Csontosová, Martina Kubánová 
264 1 |a Bratislava  |b Inštitút pre dobre spravovanú spoločnosť (SGI-Slovak governance institute)  |c [2007] 
300 |a 67 s. 
610 2 0 |a vzdelávanie 
610 2 0 |a školy základné 
610 2 0 |a vyučovanie 
610 2 0 |a deti 
610 2 0 |a výchova 
610 2 0 |a metódy 
610 2 0 |a pedagogika 
610 2 0 |a Rómovia 
610 2 0 |a Slovensko 
700 1 |a Csontosová, Zuzana 
700 1 |a Kubánová, Martina